Statistics for 1986 FIFA World Cup Results

Click here to take the quiz!

General Stats

  • This quiz has been taken 95 times
    (68 since last reset)
  • The average score is 19 of 24

Answer Stats

Nation % Correct
Argentina
100%
England
98%
Belgium
98%
West Germany
94%
Spain
94%
France
94%
Mexico
94%
Brazil
94%
Italy
92%
Portugal
85%
Soviet Union
85%
Uruguay
83%
Scotland
81%
Poland
79%
Denmark
69%
South Korea
69%
Canada
69%
Paraguay
67%
Hungary
65%
Bulgaria
63%
Morocco
60%
Algeria
56%
Iraq
54%
Northern Ireland
44%

Score Distribution

Percentile by Number Answered

Percent of People with Each Score

Your Score History

You have not taken this quiz since the last reset